| Record ID | marc_cca/b10621386.out:37624793:1218 |
| Source | marc_cca |
| Download Link | /show-records/marc_cca/b10621386.out:37624793:1218?format=raw |
LEADER: 01218cam 2200349 a 4500
001 31169409
003 OCoLC
005 20020618144012.0
008 930108m19949999enka bc 001 0 eng d
010 $a93102221
020 $a085331599X (v. 1)
020 $a0853316007 (v. 2)
020 $a0853316015 (v. 3)
020 $a0853316031 (v. 5)
040 $aUk$cDLC$dUKM$dUMC$dOCLCQ
042 $alccopycat
049 $aCC9M
050 00 $aNC242.M7$bA4 1994
100 1 $aMoore, Henry,$d1898-1986.
245 10 $aHenry Moore :$bcomplete drawings /$cedited by Ann Garrould.
260 $aLondon :$bHenry Moore Foundation in association with Lund Humphries ;$aWappinngers Falls, NY :$bDistributed in the USA by Antique Collectors' Club,$cc1994-
300 $a6 v. :$bill. ;$c30 cm.
504 $aIncludes bibliographical references and indexes.
505 1 $av. 1. 1916-29 -- v.2. 1930-39 -- v.3. 1940-49 -- v.4. 1950-76 -- v. 5. 1977-81 -- v.6. 1982-83.
600 10 $aMoore, Henry,$d1898-1986$vCatalogs.
700 1 $aGarrould, Ann.
710 2 $aLund Humphries.
710 2 $aHenry Moore Foundation.
907 $a.b10458931$bmn $c-
902 $a081016
998 $b1$c020618$dm$ea$f-$g0
945 $lmnst $uv.v.3